000 00760nam a2200193 i 4500
001 150455
003 ES-MaACL
005 20260127062550.0
007 t|
008 071030s1916 sp ||||1| spa d
100 1 _aVales Failde, Javier.
_9112684
245 1 0 _aConferencia del Ilmo. Señor D. Francisco Javier Vales Failde pronunciada en la sesión pública de 13 de Marzo de 1916...
_b: [tema: Causas canónicas para el divorcio].
260 _aMadrid :
_b[s.n.],
_c1916 (
_fJaime Ratés)
300 _a44 p. ;
_c17 cm.
500 _aPrecede al tít.: Real Academia de Jurisprudencia y Legislación.
700 _aReal Academia de Jurisprudencia y Legislación de España
_9217612
852 _aES-MaACL
_j1863-F-17
_bR.21472
999 _c150455
_d150455